000 00651nam a2200289Ia 4500
005 20260324134010.0
008 008 260324s9999 xx 000 0 eng d
020 _a9780429153181
037 _aEBOOK
040 _aCRL
040 _beng
040 _cCRL
041 _2eng
041 _aeng
084 _qCRL
100 _aJean Labrosse
_91195191
245 0 _aMicroC/OS-II
245 4 _bThe Real Time Kernel
260 _bTaylor and Francis
260 _c2002
365 _a
365 _b260
856 _uhttp://www.taylorfrancis.com/books/9780429153181
942 _cEBOOK
999 _c1794806
_d1794806